000 01097nas a2200373 4500
001 BR0302826
003 BR-BrBNA
005 20231205103842.0
007 ta
008 230509b bl.|||p| |||| 00| 00por d
040 _aBR-BrBNA
_bpor
_cBiblioteca Nacional de Agricultura
041 _a(Es)
072 _aF01
100 1 _aMoyano, M.I.
100 1 _aRoldán, D.
100 1 _aFlores, P.
100 1 _aArnoldi, I.
100 1 _aSeverin, C.
100 1 _aFerrari, C.
245 1 _aRaleo manual y químico de frutos en durazneros (Prunus persical L.)cv. Cristalino en la zona de Pavón Arriba (Santa Fe, Argentina)
650 _aPÊSSEGO
650 _aVARIEDADE
650 _aRALEIO
650 _aPRODUTO QUÍMICO
650 _aCONTROLE DE QUALIDADE
650 _aANÁLISE QUANTITATIVA
650 _aCOLHEITA
650 _aFRUTO
650 _aANATOMIA VEGETAL
650 _aPRECOCIDADE VEGETAL
773 0 _tRevista Científica Rural (Brazil)
_xISSN 1413-8263
_g(2002), v. 7(1) p. 79-84
_wBR0302826
909 _a202311
_bLúcia
_c55
_dLúcia Elande
942 _2AGRIS
_n0
_cANA
999 _c175072
_d175072